[Event "New England Masters"]
[Site "Pawtucket"]
[Date "2008.08.15"]
[Round "9.13"]
[White "Esserman, Marc"]
[Black "Hansen, Eric"]
[Result "0-1"]
[WhiteElo "2295"]
[BlackElo "2268"]
[PlyCount "110"]
[EventDate "2008.08.??"]
[SourceDate "2008.08.11"]

1. d4 Nf6 2. c4 c5 3. d5 e6 4. Nc3 exd5 5. cxd5 Bd6 6. e4 Bc7 7. Bg5 d6 8. Bd3
O-O 9. Nge2 Nbd7 10. h3 a6 11. a4 h6 12. Bh4 Ne5 13. O-O Rb8 14. f4 Ng6 15. Bf2
Re8 16. Qc2 Bd7 17. Rad1 Nh5 18. Be3 Bb6 19. Kh1 c4 20. Bxb6 cxd3 21. Qb3 dxe2
22. Bxd8 exf1=Q+ 23. Rxf1 Rbxd8 24. Kh2 b5 25. axb5 Bxb5 26. Nxb5 axb5 27. f5
Nf8 28. Qxb5 Rxe4 29. Qb6 Ree8 30. b4 Nf6 31. Rd1 Ne4 32. Re1 Nd7 33. Qc6 Ne5
34. Qc2 Nf6 35. Rd1 Rc8 36. Qb3 Rb8 37. Qc3 Rec8 38. Qa3 Rb6 39. Rb1 Rcb8 40.
b5 Rxb5 41. Rxb5 Rxb5 42. Qxd6 Rxd5 43. Qb8+ Kh7 44. Qc8 Ned7 45. Qc2 Nc5 46.
Kg1 h5 47. Qc4 Nce4 48. Qc7 Rd1+ 49. Kh2 Nd6 50. Qc2 Rd5 51. Qc7 Nfe4 52. g4
Rd2+ 53. Kg1 Ng5 54. Qc3 Nde4 55. Qe3 h4 0-1

[Event "New England Masters"]
[Site "Pawtucket"]
[Date "2008.08.15"]
[Round "9.14"]
[White "Haessel, Dale"]
[Black "Yanayt, Eugene"]
[Result "1-0"]
[WhiteElo "2149"]
[BlackElo "2254"]
[PlyCount "61"]
[EventDate "2008.08.??"]
[SourceDate "2008.08.11"]

1. d4 Nf6 2. g3 d5 3. Nf3 c6 4. Bg2 Bf5 5. O-O h6 6. b3 e6 7. Bb2 Nbd7 8. Nbd2
Bd6 9. c4 O-O 10. Ne5 Bxe5 11. dxe5 Ng4 12. cxd5 exd5 13. e4 dxe4 14. Bxe4 Be6
15. Nf3 Qa5 16. Re1 Rad8 17. Qc2 Kh8 18. Bc3 Qc5 19. Rac1 h5 20. Qb2 Qe7 21.
Bd2 f6 22. Nh4 Bf7 23. exf6 Ndxf6 24. Bc3 Nxe4 25. Bxg7+ Kg8 26. Bxf8 Rxf8 27.
f3 Bd5 28. fxe4 Qb4 29. Qc3 Qb6+ 30. Qc5 Qc7 31. Qxd5+ 1-0

[Event "New England Masters"]
[Site "Pawtucket"]
[Date "2008.08.15"]
[Round "9.15"]
[White "Schuyler, James"]
[Black "Meredith, Matthew"]
[Result "1-0"]
[WhiteElo "2346"]
[BlackElo "2044"]
[PlyCount "65"]
[EventDate "2008.08.??"]
[SourceDate "2008.08.11"]

1. e3 g6 2. Nf3 Bg7 3. Be2 c5 4. O-O Nf6 5. d4 O-O 6. c4 cxd4 7. exd4 d5 8. Nc3
Nc6 9. Bg5 Be6 10. c5 Ne4 11. Be3 Nxc5 12. Nxd5 Bxd5 13. dxc5 Bxb2 14. Rb1 Bf6
15. Rxb7 Bxa2 16. Qa4 Bd5 17. Rd1 e6 18. Rxd5 Qxd5 19. Bc4 Qf5 20. Qxc6 Qc2 21.
Qa6 Rfd8 22. g3 Rd1+ 23. Kg2 Ra1 24. Qb5 Qd1 25. Bh6 Rd8 26. Rb8 Rxb8 27. Qxb8+
Bd8 28. c6 Ra3 29. Qf4 Rc3 30. Ne5 f5 31. Bxe6+ Kh8 32. Nf7+ Kg8 33. Nxd8+ 1-0

[Event "New England Masters"]
[Site "Pawtucket"]
[Date "2008.08.15"]
[Round "9.19"]
[White "Wasiolek, Rory"]
[Black "Kazmaier, Daniel"]
[Result "1-0"]
[WhiteElo "2112"]
[BlackElo "2134"]
[PlyCount "73"]
[EventDate "2008.08.??"]
[SourceDate "2008.08.11"]

1. d4 f5 2. g3 Nf6 3. Bg2 d6 4. c4 e5 5. dxe5 dxe5 6. Qxd8+ Kxd8 7. Nf3 e4 8.
Nd4 c5 9. Nb5 a6 10. N5c3 Be6 11. b3 Nc6 12. O-O Nb4 13. Rd1+ Ke8 14. a3 Nc2
15. Ra2 Nd4 16. Nd2 Kf7 17. e3 Nc6 18. f3 exf3 19. Nxf3 h6 20. Nd5 Rd8 21. Rad2
Ne4 22. Rd3 Bd6 23. Bb2 Rhf8 24. Nf4 Bc8 25. Be5 Be7 26. Nd5 Bd6 27. Nb6 Bxe5
28. Nxe5+ Kf6 29. Ned7+ Bxd7 30. Nxd7+ Kg5 31. Nxf8 Rxf8 32. Bxe4 fxe4 33. Rd5+
Kg4 34. Kg2 g5 35. h3+ Kh5 36. Rd6 Rh8 37. Re6 1-0